000 00520nam a22002057a 4500
003 Ost
005 20260316034837.0
008 190805b ||||| |||| 00| 0 eng d
020 _a9788120335691
040 _cBT-PhCST
050 _a22787-22791
082 _222
_a681.2
_bMUR
100 _aMurty, D. V. S.
245 _a Transducers and instrumentation /
250 _a2nd ed.
260 _aDelhi :
_bPHI Learning,
_cc2018.
300 _axx, 723 p. :
_bill. ;
_c23 cm.
500 _aIncludes index.
942 _2ddc
_cEE
999 _c7286
_d7286